[Event "Arad op 16th"]
[Site "Arad"]
[Date "2023.08.08"]
[Round "2"]
[White "Niemann, Hans Moke"]
[Black "Anghel, Iulian Mihai"]
[Result "1-0"]
[WhiteElo "2660"]
[BlackElo "2222"]
[PlyCount "81"]
[EventDate "2023.08.07"]
[EventType "swiss"]
[EventRounds "9"]
[EventCountry "ROU"]
[SourceTitle "EXT 2024"]
[Source "ChessBase"]
[SourceDate "2023.10.10"]
[SourceVersion "1"]
[SourceVersionDate "2023.10.10"]
[SourceQuality "1"]

1. d4 Nf6 2. c4 e6 3. Nc3 Bb4 4. e3 0-0 5. Bd3 d5 6. a3 Bxc3+ 7. bxc3 c5 8. cxd5 exd5 9. Ne2 b6 10. 0-0 Ba6 11. dxc5 bxc5 12. Bxa6 Nxa6 13. c4 dxc4 14. Qa4 Qb6 15. Qxc4 Rfd8 16. e4 Qe6 17. Qxe6 fxe6 18. f3 Rab8 19. Ra2 Rb3 20. Rc2 Kf7 21. Rc4 Rd7 22. Ra4 Rb6 23. Bf4 Ke7 24. Rc1 Rd3 25. Be5 Kd7 26. Nf4 Rd2 27. Bc3 Ra2 28. Nd3 Kc6 29. Bxf6 Kb5 30. Rxa6 Kxa6 31. Nxc5+ Kb5 32. a4+ Kb4 33. Be7 Ka3 34. e5 Re2 35. Kf1 Ra2 36. Bd6 h5 37. h4 g6 38. Re1 Kb2 39. Re2+ Ka1 40. Rxa2+ Kxa2 41. Nxe6 1-0

[Event "Bucharest Grand Prix"]
[Site "Bucharest"]
[Date "2023.04.29"]
[Round "2"]
[White "Rakotomaharo, Fy Antenaina"]
[Black "Anghel, Iulian Mihai"]
[Result "1-0"]
[WhiteElo "2454"]
[BlackElo "2049"]
[PlyCount "63"]
[EventDate "2023.04.29"]
[EventType "swiss (rapid)"]
[EventRounds "10"]
[EventCountry "ROU"]
[SourceTitle "CBM 213 Extra"]
[Source "ChessBase"]
[SourceDate "2023.05.31"]
[SourceVersion "1"]
[SourceVersionDate "2023.05.31"]
[SourceQuality "1"]

1. Nf3 Nf6 2. c4 e6 3. Nc3 d5 4. e3 Be7 5. b3 0-0 6. Bb2 c5 7. cxd5 exd5 8. d4 Nc6 9. Be2 Bg4 10. dxc5 Bxc5 11. 0-0 Rc8 12. Rc1 Bd6 13. h3 Bxf3 14. Bxf3 Be5 15. Ba3 Re8 16. Nxd5 Qa5 17. Bc5 Qxa2 18. Nxf6+ Bxf6 19. Bd5 Qa5 20. Qh5 g6 21. Qf3 Kg7 22. e4 Ne5 23. Qe3 b6 24. Bd6 Rcd8 25. Bc7 Rd7 26. f4 Ng4 27. Qd3 Rc8 28. hxg4 Rcxc7 29. Rxc7 Rxc7 30. e5 Qc5+ 31. Kh1 Rd7 32. exf6+ 1-0

[Event "ROM-ch"]
[Site "Sebes"]
[Date "2023.02.21"]
[Round "4"]
[White "Istratescu, Andrei"]
[Black "Anghel, Iulian Mihai"]
[Result "1/2-1/2"]
[WhiteElo "2389"]
[BlackElo "2063"]
[PlyCount "68"]
[EventDate "2023.02.19"]
[EventType "swiss"]
[EventRounds "9"]
[EventCountry "ROU"]
[SourceTitle "CBM 212 Extra"]
[Source "ChessBase"]
[SourceDate "2023.03.31"]
[SourceVersion "1"]
[SourceVersionDate "2023.03.31"]
[SourceQuality "1"]

1. e4 e5 2. Nf3 Nc6 3. Bb5 Nf6 4. 0-0 Nxe4 5. d4 Nd6 6. Bxc6 dxc6 7. dxe5 Nf5 8. Qxd8+ Kxd8 9. Nc3 Ne7 10. Re1 Bg4 11. Ng5 Ke8 12. h3 Bf5 13. Nce4 h6 14. Nf3 Rd8 15. c3 Ng6 16. Ng3 Bd3 17. Nh5 c5 18. Nf4 Nxf4 19. Bxf4 Bf5 20. e6 Bxe6 21. Bxc7 Rd7 22. Bf4 Bd6 23. Ne5 Rd8 24. Ng6 Rg8 25. Bxd6 Rxd6 26. Nf4 Ke7 27. Nxe6 Rxe6 28. Rxe6+ Kxe6 29. Rd1 Re8 30. f3 Re7 31. Kf2 Rd7 32. Rxd7 Kxd7 33. Ke3 Ke6 34. f4 f5 1/2-1/2

[Event "EU-ch U16 30th"]
[Site "Antalya"]
[Date "2022.11.06"]
[Round "1"]
[White "Anghel, Iulian Mihai"]
[Black "Grebnev, Aleksey"]
[Result "0-1"]
[WhiteElo "2061"]
[BlackElo "2477"]
[PlyCount "58"]
[EventDate "2022.11.06"]
[EventType "swiss"]
[EventRounds "9"]
[EventCountry "TUR"]
[SourceTitle "CBM 211 Extra"]
[Source "ChessBase"]
[SourceDate "2023.01.31"]
[SourceVersion "1"]
[SourceVersionDate "2023.01.31"]
[SourceQuality "1"]

1. e4 c5 2. Nf3 d6 3. d4 cxd4 4. Nxd4 Nf6 5. Nc3 a6 6. h3 e5 7. Nde2 h5 8. Bg5 Be6 9. g3 Nbd7 10. a4 Be7 11. Bg2 Rc8 12. b3 Nh7 13. Bxe7 Qxe7 14. Qd2 0-0 15. 0-0 Rc5 16. f4 Ndf6 17. Rad1 Rfc8 18. Rf3 d5 19. exd5 Nxd5 20. Kh1 e4 21. Nxe4 Rxc2 22. Qd3 Bf5 23. Rf2 Nc3 24. N2xc3 Rxf2 25. Nd5 Qe6 26. Re1 Kh8 27. Re3 Rxg2 28. Kxg2 Rd8 29. Ng5 Nxg5 0-1

[Event "Arad op 15th"]
[Site "Arad"]
[Date "2022.08.11"]
[Round "5"]
[White "Ardeleanu, Alin"]
[Black "Anghel, Iulian Mihai"]
[Result "1/2-1/2"]
[WhiteElo "2283"]
[BlackElo "2005"]
[PlyCount "37"]
[EventDate "2022.08.08"]
[EventType "swiss"]
[EventRounds "9"]
[EventCountry "ROU"]
[SourceTitle "CBM 209 Extra"]
[Source "ChessBase"]
[SourceDate "2022.09.30"]
[SourceVersion "1"]
[SourceVersionDate "2022.09.30"]
[SourceQuality "1"]

1. e4 e5 2. Nf3 Nc6 3. Bb5 Nf6 4. d3 Bc5 5. Bxc6 dxc6 6. 0-0 Qe7 7. Nbd2 Bg4 8. h3 Bh5 9. Nc4 Nd7 10. a3 Bd6 11. b4 0-0 12. g4 Bg6 13. Kg2 c5 14. Bg5 f6 15. Bd2 cxb4 16. Nxd6 Qxd6 17. axb4 c5 18. bxc5 Nxc5 19. Bb4 1/2-1/2

[Event "Arad op 15th"]
[Site "Arad"]
[Date "2022.08.09"]
[Round "2"]
[White "Anghel, Iulian Mihai"]
[Black "David, Alexandru Vasile"]
[Result "0-1"]
[WhiteElo "2005"]
[BlackElo "2429"]
[PlyCount "68"]
[EventDate "2022.08.08"]
[EventType "swiss"]
[EventRounds "9"]
[EventCountry "ROU"]
[SourceTitle "CBM 209 Extra"]
[Source "ChessBase"]
[SourceDate "2022.09.30"]
[SourceVersion "1"]
[SourceVersionDate "2022.09.30"]
[SourceQuality "1"]

1. e4 c5 2. Nf3 Nc6 3. d4 cxd4 4. Nxd4 Nf6 5. Nc3 d6 6. h3 e6 7. g4 Be7 8. Bg2 0-0 9. 0-0 a6 10. Be3 Ne5 11. b3 Qc7 12. Qe1 Nfd7 13. f4 Nc6 14. Nce2 Re8 15. c4 Nxd4 16. Nxd4 e5 17. Nf5 exf4 18. Bxf4 Ne5 19. Rd1 Be6 20. Qg3 b5 21. cxb5 axb5 22. Rd2 b4 23. Rfd1 Rad8 24. Nxe7+ Qxe7 25. Bxe5 dxe5 26. Qxe5 Rxd2 27. Rxd2 h6 28. Qd6 Qg5 29. Kf2 Rc8 30. Bf3 h5 31. Kg3 Kh7 32. h4 Qe3 33. Qd3 Qe1+ 34. Kh3 hxg4+ 0-1

[Event "ROM-ch U16"]
[Site "Eforie Nord"]
[Date "2022.04.17"]
[Round "8"]
[White "Anghel, Iulian Mihai"]
[Black "Tampea, Radu"]
[Result "1/2-1/2"]
[WhiteElo "1939"]
[BlackElo "1972"]
[PlyCount "47"]
[EventDate "2022.04.11"]
[EventType "swiss"]
[EventRounds "9"]
[EventCountry "ROU"]
[SourceTitle "EXT 2023"]
[Source "ChessBase"]
[SourceDate "2022.10.05"]
[SourceVersion "1"]
[SourceVersionDate "2022.10.05"]
[SourceQuality "1"]

1. d4 d5 2. c4 e6 3. Nc3 a6 4. cxd5 exd5 5. Nf3 c6 6. e4 dxe4 7. Ng5 h6 8. Ngxe4 Nf6 9. Bc4 Nxe4 10. Nxe4 Bb4+ 11. Nc3 0-0 12. 0-0 Nd7 13. Qb3 Bd6 14. Be3 Nb6 15. Bd3 Be6 16. Qc2 Nd5 17. a3 Bc7 18. Ne4 Nf4 19. Bxf4 Bxf4 20. Nc5 Qxd4 21. Nxe6 fxe6 22. Rad1 Qf6 23. Bc4 Rad8 24. Qe2 1/2-1/2

[Event "ROM-ch U16"]
[Site "Eforie Nord"]
[Date "2022.04.16"]
[Round "7"]
[White "Dima, Ioan Radu"]
[Black "Anghel, Iulian Mihai"]
[Result "1/2-1/2"]
[WhiteElo "1731"]
[BlackElo "1939"]
[PlyCount "47"]
[EventDate "2022.04.11"]
[EventType "swiss"]
[EventRounds "9"]
[EventCountry "ROU"]
[SourceTitle "EXT 2023"]
[Source "ChessBase"]
[SourceDate "2022.10.05"]
[SourceVersion "1"]
[SourceVersionDate "2022.10.05"]
[SourceQuality "1"]

1. d4 Nf6 2. Nf3 e6 3. e3 c5 4. c3 d5 5. Bd3 Nc6 6. Nbd2 Bd6 7. 0-0 0-0 8. Re1 e5 9. dxc5 Bxc5 10. e4 Ng4 11. Rf1 d4 12. Nb3 Qd6 13. cxd4 Bxd4 14. Nbxd4 Nxd4 15. Nxd4 Qxd4 16. Bc2 Qb6 17. Bb3 Qg6 18. Qe2 a5 19. f3 Nf6 20. Be3 b5 21. Rfd1 a4 22. Bd5 Rb8 23. Ba7 Nxd5 24. Rxd5 1/2-1/2

[Event "ROM-ch U16"]
[Site "Eforie Nord"]
[Date "2022.04.14"]
[Round "5"]
[White "Filip, Andrei"]
[Black "Anghel, Iulian Mihai"]
[Result "1/2-1/2"]
[WhiteElo "2254"]
[BlackElo "1939"]
[PlyCount "41"]
[EventDate "2022.04.11"]
[EventType "swiss"]
[EventRounds "9"]
[EventCountry "ROU"]
[SourceTitle "EXT 2023"]
[Source "ChessBase"]
[SourceDate "2022.10.05"]
[SourceVersion "1"]
[SourceVersionDate "2022.10.05"]
[SourceQuality "1"]

1. d4 Nf6 2. c4 e6 3. Nf3 Bb4+ 4. Bd2 Qe7 5. e3 0-0 6. Bd3 Bxd2+ 7. Qxd2 d6 8. Nc3 Nbd7 9. 0-0 b6 10. Rfe1 Bb7 11. e4 e5 12. Bc2 Rad8 13. Rad1 a6 14. h3 Rfe8 15. Ba4 c6 16. Bc2 b5 17. Bb3 b4 18. Nb1 c5 19. d5 Nb6 20. Qe2 Nh5 21. g3 1/2-1/2

[Event "Arad op-A 14th"]
[Site "Arad"]
[Date "2021.08.02"]
[Round "5"]
[White "Magold, Victor"]
[Black "Anghel, Iulian Mihai"]
[Result "1/2-1/2"]
[WhiteElo "2114"]
[BlackElo "1940"]
[PlyCount "51"]
[EventDate "2021.07.30"]
[EventType "swiss"]
[EventRounds "9"]
[EventCountry "ROU"]
[SourceTitle "CBM 203 Extra"]
[Source "ChessBase"]
[SourceDate "2021.09.30"]
[SourceVersion "1"]
[SourceVersionDate "2021.09.30"]
[SourceQuality "1"]

1. d4 Nf6 2. Nf3 e6 3. c4 Bb4+ 4. Bd2 Qe7 5. g3 Bxd2+ 6. Qxd2 0-0 7. Bg2 c5 8. 0-0 d6 9. dxc5 dxc5 10. Ne5 Qc7 11. Qe3 Nbd7 12. Nd3 Rb8 13. Nc3 a6 14. Rfd1 b5 15. cxb5 c4 16. Nb4 axb5 17. Rd2 Bb7 18. Bxb7 Rxb7 19. Rad1 h5 20. Rd6 Qc5 21. Qxc5 Nxc5 22. f3 Na4 23. Nxa4 bxa4 24. a3 Nd5 25. Nxd5 exd5 26. R6xd5 1/2-1/2

[Event "Arad op 12th"]
[Site "Arad"]
[Date "2019.07.26"]
[Round "4"]
[White "Anghel, Iulian Mihai"]
[Black "Mozes, Ervin"]
[Result "0-1"]
[WhiteElo "1900"]
[BlackElo "2121"]
[PlyCount "60"]
[EventDate "2019.07.24"]
[EventType "swiss"]
[EventRounds "9"]
[EventCountry "ROU"]
[SourceTitle "EXT 2021"]
[Source "ChessBase"]
[SourceDate "2020.10.23"]
[SourceVersion "1"]
[SourceVersionDate "2020.10.23"]
[SourceQuality "1"]

1. d4 f5 2. Nf3 Nf6 3. c4 d6 4. Nc3 g6 5. Bg5 Bg7 6. Bxf6 Bxf6 7. e4 Nc6 8. Be2 0-0 9. Qd2 e5 10. d5 Nd4 11. h4 fxe4 12. Nxe4 Nxe2 13. Qxe2 Bg4 14. Qe3 Bxf3 15. gxf3 Bxh4 16. 0-0-0 Rf4 17. Rh3 Qe7 18. Rdh1 b6 19. Kb1 Raf8 20. Qd3 R8f5 21. R1h2 Kf8 22. Qf1 h5 23. Qh1 g5 24. Qg2 Qf7 25. Rxh4 Rxh4 26. Rxh4 gxh4 27. Ng5 Qg6 28. Ne6+ Kf7 29. Qh2 h3 30. Qh1 Rg5+ 0-1

[Event "ROM-ch U14"]
[Site "Calimanesti Caciulata"]
[Date "2019.04.15"]
[Round "1"]
[White "Anghel, Iulian Mihai"]
[Black "Tabacaru, Gabriel Sergiu"]
[Result "1-0"]
[WhiteElo "1909"]
[BlackElo "1408"]
[PlyCount "71"]
[EventDate "2019.04.15"]
[EventType "swiss"]
[EventRounds "9"]
[EventCountry "ROU"]
[SourceTitle "CBM 190 Extra"]
[Source "ChessBase"]
[SourceDate "2019.07.15"]
[SourceVersion "1"]
[SourceVersionDate "2019.07.15"]
[SourceQuality "1"]

1. d4 Nf6 2. Bf4 d5 3. e3 Bf5 4. Nf3 e6 5. Bd3 Bg6 6. 0-0 Bd6 7. Bxd6 Qxd6 8. Ne5 Nbd7 9. f4 Bxd3 10. cxd3 0-0 11. Nc3 c5 12. dxc5 Qxc5 13. d4 Qe7 14. Rf3 Nxe5 15. dxe5 Nd7 16. Rh3 g6 17. Qf3 f5 18. Rd1 Nc5 19. g4 Qf7 20. g5 Ne4 21. Ne2 Rac8 22. Nd4 a6 23. Rh6 Rfe8 24. h4 Kg7 25. Kg2 Rh8 26. Rh1 Nc5 27. h5 gxh5 28. Qxh5 Qxh5 29. R1xh5 Rce8 30. b4 Nd3 31. Nxe6+ Rxe6 32. Rxe6 Nxb4 33. Re7+ Kg8 34. Rxb7 Nxa2 35. g6 hxg6 36. Rb8+ 1-0

[Event "ROM-ch U12"]
[Site "Calimanesti"]
[Date "2018.03.29"]
[Round "4"]
[White "Pirvu, Christian"]
[Black "Anghel, Iulian Mihai"]
[Result "0-1"]
[WhiteElo "1630"]
[BlackElo "1911"]
[PlyCount "120"]
[EventDate "2018.03.27"]
[EventType "swiss"]
[EventRounds "9"]
[EventCountry "ROU"]
[SourceTitle "CBM 183 Extra"]
[Source "ChessBase"]
[SourceDate "2018.04.19"]
[SourceVersion "1"]
[SourceVersionDate "2018.04.19"]
[SourceQuality "1"]

1. e4 d5 2. exd5 Nf6 3. Nf3 Qxd5 4. Nc3 Qd6 5. d4 c6 6. Be2 Bg4 7. 0-0 Nbd7 8. Be3 e6 9. Qd2 Qc7 10. h3 Bh5 11. Bf4 Bd6 12. Bxd6 Qxd6 13. Rfe1 0-0 14. Rad1 Rfd8 15. Qe3 Bg6 16. Bd3 Qb4 17. Bxg6 hxg6 18. b3 Nd5 19. Nxd5 cxd5 20. c3 Qd6 21. Ne5 Rac8 22. Rd3 Nxe5 23. Qxe5 Qxe5 24. Rxe5 Rc6 25. f4 Rdc8 26. Ree3 a5 27. Kf1 b5 28. a3 Kf8 29. Ke2 Ke7 30. Kd2 Kd6 31. Re2 Kc7 32. g4 Kb6 33. b4 axb4 34. axb4 Ra8 35. Rf3 Ra2+ 36. Kd3 Rxc3+ 37. Kxc3 Rxe2 38. Kb3 Re4 39. Kc3 Kc6 40. Kd3 Kd6 41. Kc3 f6 42. Kd3 Re1 43. Kd2 Rb1 44. Kc3 Rc1+ 45. Kd2 Rc4 46. Ra3 Rxd4+ 47. Ke3 Rxb4 48. Ra6+ Ke7 49. Ra7+ Kf8 50. Ra8+ Kf7 51. Ra7+ Kg8 52. Ra8+ Kh7 53. Re8 Re4+ 54. Kf3 g5 55. f5 exf5 56. Rxe4 fxe4+ 57. Ke3 b4 58. h4 b3 59. hxg5 b2 60. gxf6 b1Q 0-1

[Event "ROM-ch U12"]
[Site "Baile Felix"]
[Date "2017.02.02"]
[Round "1"]
[White "Anghel, Iulian Mihai"]
[Black "Ungureanu, David Mihai"]
[Result "1-0"]
[WhiteElo "1706"]
[BlackElo "1303"]
[PlyCount "63"]
[EventDate "2017.02.02"]
[EventType "swiss"]
[EventRounds "9"]
[EventCountry "ROU"]
[SourceTitle "CBM 176 Extra"]
[Source "ChessBase"]
[SourceDate "2017.03.02"]
[SourceVersion "1"]
[SourceVersionDate "2017.03.02"]
[SourceQuality "1"]

1. d4 d5 2. Nf3 Nf6 3. c4 c6 4. e3 Bf5 5. Nc3 e6 6. Be2 h6 7. 0-0 Bd6 8. h3 Nbd7 9. Re1 0-0 10. Bf1 Be4 11. Nd2 Bf5 12. Qf3 Bb4 13. Qd1 Ne4 14. Ncxe4 Bxe4 15. a3 Bxd2 16. Bxd2 Bf5 17. Rc1 Qf6 18. cxd5 exd5 19. b4 Qg6 20. Kh1 Nf6 21. f3 Nh7 22. Qe2 Bd3 23. Qxd3 Qxd3 24. Bxd3 f5 25. b5 Rac8 26. bxc6 bxc6 27. Bb4 Rf6 28. Kg1 g5 29. Kf2 f4 30. e4 dxe4 31. fxe4 Rf7 32. Bc4 1-0

[Event "EU-ch U10 26th"]
[Site "Prague"]
[Date "2016.08.22"]
[Round "5"]
[White "Anghel, Iulian Mihai"]
[Black "Brass, Ezra"]
[Result "1/2-1/2"]
[WhiteElo "1777"]
[BlackElo "1529"]
[PlyCount "116"]
[EventDate "2016.08.18"]
[EventType "swiss"]
[EventRounds "9"]
[EventCountry "CZE"]
[SourceTitle "CBM 174 Extra"]
[Source "ChessBase"]
[SourceDate "2016.10.10"]
[SourceVersion "1"]
[SourceVersionDate "2016.10.10"]
[SourceQuality "1"]

1. d4 Nf6 2. Nf3 e6 3. c4 b6 4. Nc3 Bb7 5. Bg5 Bb4 6. e3 h6 7. Bh4 0-0 8. Qc2 d6 9. a3 Bxc3+ 10. Qxc3 Nbd7 11. Be2 c5 12. 0-0-0 Ne4 13. Qc2 Qc7 14. Rhg1 b5 15. cxb5 Rfc8 16. Kb1 c4 17. Nd2 c3 18. Nxe4 Bxe4 19. Bd3 Bxd3 20. Rxd3 cxb2 21. Qxc7 Rxc7 22. Kxb2 Rb7 23. a4 a6 24. Rb3 Rab8 25. Bg3 axb5 26. a5 Ra8 27. Ra1 d5 28. a6 Rba7 29. Rba3 Nb6 30. Kb3 Na4 31. Kb4 Rxa6 32. Bc7 R6a7 33. Be5 Rb7 34. Rc1 Kh7 35. Rc6 Kg6 36. g4 f6 37. Bg3 Re8 38. f4 f5 39. h3 Ree7 40. Ra1 Re8 41. Rac1 Nb2 42. R1c3 Na4 43. Rc2 Ree7 44. Rd6 Kf6 45. Rcc6 g6 46. Rxd5 Nb2 47. gxf5 gxf5 48. Bh4+ Kf7 49. Bxe7 exd5 50. Bh4 Kg7 51. Rc5 Nd3+ 52. Kc3 Nxc5 53. dxc5 Kf7 54. Kb4 Ke6 55. c6 Rc7 56. Kc5 Rc8 57. Be1 h5 58. Kxb5 d4 1/2-1/2